| 000 | 00960nam a2200325Ia 4500 | ||
|---|---|---|---|
| 001 | Z_856 | ||
| 003 | CHAP | ||
| 008 | 220113s1989 xx 000 0 und d | ||
| 010 | _a163950 | ||
| 040 | _cCHAP | ||
| 090 | _aFolleto 215 | ||
| 100 |
_aBoldt, Paul E _913491 |
||
| 245 |
_aBaccharis (Asteraceae), a review of its taxonomy, phytochemistry, ecology, economic status, natural enemies and the potential for its biological control in the United States / _cby Paul E. Boldt |
||
| 260 |
_aTemple, Texas : _bAgricultural Research Service, _c1989 |
||
| 300 | _a32 p. | ||
| 440 | _a | ||
| 500 | _a | ||
| 503 | _a | ||
| 650 |
_aBaccharis _99272 |
||
| 650 |
_aControl biológico de malas hierbas _927584 |
||
| 650 |
_aMalas hierbas _xEcología _970017 |
||
| 650 |
_aMalas hierbas _xEUA _9137996 |
||
| 650 |
_aQuímica vegetal _993602 |
||
| 901 | _aFolleto 215 | ||
| 902 | _aA | ||
| 910 | _a1989 | ||
| 942 | _cc14 | ||
| 942 | _cc14 | ||
| 999 |
_c163950 _d163950 |
||